চন্দ্রনাথ বসু, নবকৃষ্ণ ভট্টাচার্য্য, ক্ষেত্রমোহন সেনগুপ্ত / (Record no. 75091)
[ view plain ]
| 000 -LEADER | |
|---|---|
| fixed length control field | 01182nam a2200253 a 4500 |
| 001 - CONTROL NUMBER | |
| control field | 75091 |
| 003 - CONTROL NUMBER IDENTIFIER | |
| rucl marc code | BD-RjUL |
| 005 - DATE AND TIME OF LATEST TRANSACTION | |
| control field | 20211209082637.0 |
| 008 - FIXED-LENGTH DATA ELEMENTS--GENERAL INFORMATION | |
| fixed length control field | 190120s1962 ii ||||| |||| 00| 0 ben d |
| 035 ## - SYSTEM CONTROL NUMBER | |
| System control number | (BD-RjUL)75309 |
| 040 ## - CATALOGING SOURCE | |
| Original cataloging agency | BD-RjUL |
| Language of cataloging | ben |
| Transcribing agency | BD-RjUL |
| 041 ## - LANGUAGE CODE | |
| Language code of text/sound track or separate title | ben |
| 082 ## - DEWEY DECIMAL CLASSIFICATION NUMBER | |
| Edition number | 23 |
| Classification number | 891.44092 |
| Author mark and year | BAC 1962 |
| 100 ## - MAIN ENTRY--PERSONAL NAME | |
| Personal name | বন্দ্যোপাধ্যায়, ব্রজেন্দ্রনাথ |
| 9 (RLIN) | 117954 |
| 245 ## - TITLE STATEMENT | |
| Title | চন্দ্রনাথ বসু, নবকৃষ্ণ ভট্টাচার্য্য, ক্ষেত্রমোহন সেনগুপ্ত / |
| Statement of responsibility, etc. | ব্রজেন্দ্রনাথ বন্দ্যোপাধ্যায় |
| 250 ## - EDITION STATEMENT | |
| Edition statement | ২সং. |
| 260 ## - PUBLICATION, DISTRIBUTION, ETC. (IMPRINT) | |
| Place of publication, distribution, etc. | কলিকাতা : |
| Name of publisher, distributor, etc. | বঙ্গীয়-সাহিত্য পরিষৎ, |
| Date of publication, distribution, etc. | ১৯৬২ |
| 300 ## - PHYSICAL DESCRIPTION | |
| Pagination | খণ্ড. ; |
| Size | ১৮ সে.মি. |
| 500 ## - GENERAL NOTE | |
| General note | সাহিত্য-সাধক-চরিতমালা-৮৩ |
| 505 01 - FORMATTED CONTENTS NOTE | |
| Formatted contents note | খণ্ড.৮ম -- |
| 650 ## - SUBJECT ADDED ENTRY--TOPICAL TERM | |
| Topical term or geographic name as entry element | Authors, Bengali literature |
| Form subdivision | Biography. |
| 9 (RLIN) | 123659 |
| Topical term or geographic name as entry element | লেখক, বাংলা সাহিত্য |
| General subdivision | জীবনী |
| 9 (RLIN) | 227126 |
| 942 ## - ADDED ENTRY ELEMENTS (KOHA) | |
| Source of classification or shelving scheme | Dewey Decimal Classification |
| Koha item type | Books |
| Lost status | Source of classification or shelving scheme | Damaged status | Not for loan | Collection code | Permanent Location | Current Location | Shelving location | Date acquired | Source of acquisition | Cost, normal purchase price | Total Checkouts | Full call number | Date last seen | Date checked out | Copy number | Koha item type |
|---|---|---|---|---|---|---|---|---|---|---|---|---|---|---|---|---|
| Dewey Decimal Classification | Non-fiction | Central Library, University of Rajshahi | Central Library, University of Rajshahi | 22/09/1973 | Uttorbanga Library : Rajshahi | 117.00 | 1 | B 891.44092 BAC V-8 1962 | 21/05/2019 | 20/01/2019 | C-2 | Books | ||||
| Dewey Decimal Classification | Not For Loan | Non-fiction | Central Library, University of Rajshahi | Central Library, University of Rajshahi | Reading Room | 27/05/2024 | B 891.44092 BAC 1962 | 27/05/2024 | C-1 | Books |